| 000 | 01678cam a22004694i 4500 | ||
|---|---|---|---|
| 003 | PE-LiUPU | ||
| 005 | 20250731184607.0 | ||
| 008 | 150616s r 000 0 d | ||
| 035 | _a(Sirsi) a7951 | ||
| 040 |
_aPE-LiUPU _bspa _cPE-LiUPU _erda |
||
| 049 | _aPRUA | ||
| 082 | 0 | 4 |
_a932 _bD252g _223 |
| 100 | 1 |
_aDavidson, D., _eautor. |
|
| 245 | 1 | 4 |
_aThe Great Pyramid its Divene Message : _ban original co-ordination of historical documents and archeological evidence / _cpor D. Davidson y H. Aldersmith. |
| 250 | _aOctava edición | ||
| 264 | 1 |
_aLondon : _bWilliams and Norgate, _c1940. |
|
| 300 |
_a568 páginas : _bIlustraciones ; _c28 centímetros. |
||
| 336 |
_atext _2rdacontent |
||
| 337 |
_aunmediated _2rdamedia |
||
| 338 |
_avolume _2rdacarrier |
||
| 505 | 0 | _aAncient astronomical observatories and almanac devices and traditions .- The evidences of scientific origins in ancient egypt.- The elements of anccient gravitational stronomy.- The ancient science of chronology: its origin and purpose. | |
| 526 | _aP136 | ||
| 526 | _aP135 | ||
| 526 | _aP134 | ||
| 526 | _aP133 | ||
| 526 | _aP144 | ||
| 526 | _aP143 | ||
| 526 | _aP87 | ||
| 526 | _aP35 | ||
| 526 | _aP20 | ||
| 526 | _aP14 | ||
| 526 | _aP10 | ||
| 526 | _aP06 | ||
| 650 | 1 | 4 |
_aPirámides _zEgipto _93130 |
| 651 | 2 | 4 |
_aEgipto _xAntigüedades. _93131 |
| 700 | 1 |
_aAldersmith, H., _eautor. |
|
| 910 | _ajck | ||
| 942 |
_2ddc _cBK _n0 |
||
| 949 |
_a932 D32 _wDEWEY _c1 _i41584 _lCCODEBUL1 _mBUL _p00.00 _r0 _sY _tBOOK _u19960805 _xTEOLOGIA _zUNKNOWN _0COMPRA _o.STAFF. Colección General |
||
| 980 |
_81 _gALBERTO SANCHEZ Responsable de Automatización |
||
| 999 |
_c59249 _d59249 |
||